<?xml version="1.0" encoding="UTF-8"?>
<resp>
  <nextPage>https://data.bn.org.pl/api/networks/bibs.marcxml?marc=001+b0000001782326&amp;sinceId=1782327</nextPage>
  <collection>
    <record xmlns='http://www.loc.gov/MARC21/slim'><leader>02914nam a2200697 i 4500</leader><controlfield tag='001'>b0000001782326</controlfield><controlfield tag='005'>20241203215838.6</controlfield><controlfield tag='008'>051125s1988    gw a     c   |000 0 ger  </controlfield><controlfield tag='009'>9910093115205606</controlfield><datafield ind1=' ' ind2=' ' tag='020'><subfield code='a'>3598321627</subfield><subfield code='q'>(oprawa twarda ;</subfield><subfield code='q'>Abt. C, Bd. 2)</subfield></datafield><datafield ind1=' ' ind2=' ' tag='020'><subfield code='z'>359832099X</subfield><subfield code='q'>(całość)</subfield></datafield><datafield ind1=' ' ind2=' ' tag='035'><subfield code='a'>991028930919705066</subfield></datafield><datafield ind1=' ' ind2=' ' tag='035'><subfield code='a'>(PL-WaBN)b17823262-48omnis_nlop</subfield></datafield><datafield ind1=' ' ind2=' ' tag='035'><subfield code='a'>b17823262</subfield></datafield><datafield ind1=' ' ind2=' ' tag='035'><subfield code='a'>(OCoLC)838829175</subfield></datafield><datafield ind1=' ' ind2=' ' tag='035'><subfield code='a'>(PL)b0000001782326</subfield></datafield><datafield ind1=' ' ind2=' ' tag='040'><subfield code='a'>WA N</subfield><subfield code='c'>WA N</subfield><subfield code='d'>WA N</subfield><subfield code='d'>KR U</subfield></datafield><datafield ind1=' ' ind2=' ' tag='044'><subfield code='a'>gw</subfield><subfield code='a'>xxu</subfield><subfield code='a'>xxk</subfield><subfield code='a'>fr</subfield></datafield><datafield ind1='2' ind2=' ' tag='110'><subfield code='a'>Herzog-August-Bibliothek</subfield><subfield code='e'>Autor</subfield></datafield><datafield ind1='1' ind2='0' tag='245'><subfield code='a'>Deutsche Drucke des Barock 1600-1720 :</subfield><subfield code='b'>Katalog der Herzog August Bibliothek Wolfenbüttel.</subfield><subfield code='n'>Abt. C,</subfield><subfield code='p'>Helmstedter Bestände.</subfield><subfield code='n'>Bd. 2,</subfield><subfield code='p'>A-K Helmst (Theologica 1: A- Q) /</subfield><subfield code='c'>begründet von Martin Bircher ; bearbeitet von Thomas Bürger.</subfield></datafield><datafield ind1='3' ind2=' ' tag='246'><subfield code='a'>Helmstedter Bestände.</subfield><subfield code='n'>Bd. 2,</subfield><subfield code='p'>A-K Helmst (Theologica 1: A- Q)</subfield></datafield><datafield ind1=' ' ind2=' ' tag='260'><subfield code='a'>München ;</subfield><subfield code='b'>New York ;</subfield><subfield code='b'>London ;</subfield><subfield code='b'>Paris :</subfield><subfield code='b'>K. G. Saur,</subfield><subfield code='c'>1988.</subfield></datafield><datafield ind1=' ' ind2=' ' tag='300'><subfield code='a'>VIII, 369 s. :</subfield><subfield code='b'>il. ;</subfield><subfield code='c'>30 cm.</subfield></datafield><datafield ind1=' ' ind2=' ' tag='336'><subfield code='a'>Tekst</subfield><subfield code='b'>txt</subfield><subfield code='2'>rdacontent</subfield></datafield><datafield ind1=' ' ind2=' ' tag='337'><subfield code='a'>Bez urządzenia pośredniczącego</subfield><subfield code='b'>n</subfield><subfield code='2'>rdamedia</subfield></datafield><datafield ind1=' ' ind2=' ' tag='338'><subfield code='a'>Wolumin</subfield><subfield code='b'>nc</subfield><subfield code='2'>rdacarrier</subfield></datafield><datafield ind1=' ' ind2=' ' tag='380'><subfield code='a'>Książki</subfield></datafield><datafield ind1=' ' ind2=' ' tag='500'><subfield code='a'>Abt. A Bd. 1-7, Abt. B Bd. 1-6, Abt. C Bd. 1 pod tyt.: Deutsche Drucke des Barock 1600-1720 in der Herzog August Bibliothek Wolfenbüttel.</subfield></datafield><datafield ind1=' ' ind2=' ' tag='500'><subfield code='a'>Na grzbiecie oznaczenie tomu: C2 - C1183-C2242.</subfield></datafield><datafield ind1='3' ind2=' ' tag='510'><subfield code='a'>KVK</subfield></datafield><datafield ind1='2' ind2='7' tag='610'><subfield code='a'>Herzog-August-Bibliothek</subfield><subfield code='2'>DBN</subfield></datafield><datafield ind1=' ' ind2='7' tag='648'><subfield code='a'>1601-1700</subfield><subfield code='2'>DBN</subfield></datafield><datafield ind1=' ' ind2='7' tag='648'><subfield code='a'>1701-1800</subfield><subfield code='2'>DBN</subfield></datafield><datafield ind1=' ' ind2='7' tag='650'><subfield code='a'>Germanica</subfield><subfield code='2'>DBN</subfield></datafield><datafield ind1=' ' ind2='7' tag='650'><subfield code='a'>Starodruki</subfield><subfield code='2'>DBN</subfield></datafield><datafield ind1=' ' ind2='7' tag='651'><subfield code='a'>Wolfenbüttel (Niemcy)</subfield><subfield code='2'>DBN</subfield></datafield><datafield ind1=' ' ind2='7' tag='655'><subfield code='a'>Katalog zbiorów</subfield><subfield code='2'>DBN</subfield></datafield><datafield ind1=' ' ind2=' ' tag='658'><subfield code='a'>Bibliotekarstwo, archiwistyka, muzealnictwo</subfield></datafield><datafield ind1='1' ind2=' ' tag='700'><subfield code='a'>Bircher, Martin</subfield><subfield code='d'>(1938-2006)</subfield><subfield code='e'>Autor</subfield></datafield><datafield ind1='1' ind2=' ' tag='700'><subfield code='a'>Bürger, Thomas</subfield><subfield code='e'>Opracowanie</subfield></datafield><datafield ind1=' ' ind2=' ' tag='852'><subfield code='b'>48OMNIS_UOW</subfield><subfield code='8'>991014251379708831</subfield></datafield><datafield ind1=' ' ind2=' ' tag='852'><subfield code='8'>22394558680006926</subfield><subfield code='j'>1</subfield><subfield code='h'>T3 1431215</subfield><subfield code='b'>TORU</subfield><subfield code='p'>300051640088</subfield><subfield code='c'>ST_REF_bg</subfield></datafield><datafield ind1=' ' ind2=' ' tag='852'><subfield code='8'>22605241860005067</subfield><subfield code='j'>1</subfield><subfield code='h'>894137 III 2</subfield><subfield code='b'>BJ</subfield><subfield code='p'>1003133596</subfield><subfield code='c'>BJ_MAG</subfield></datafield><datafield ind1=' ' ind2=' ' tag='852'><subfield code='8'>22454367050005066</subfield><subfield code='j'>1</subfield><subfield code='h'>Podr.SD III.7/1 C/2</subfield><subfield code='b'>BN_PL</subfield><subfield code='p'>777i23336006</subfield><subfield code='c'>e2</subfield></datafield><datafield ind1=' ' ind2=' ' tag='852'><subfield code='b'>48OMNIS_UJA</subfield><subfield code='8'>991016836522305067</subfield></datafield><datafield ind1=' ' ind2=' ' tag='852'><subfield code='8'>221056091550008831</subfield><subfield code='j'>1</subfield><subfield code='b'>5100-BUW</subfield><subfield code='p'>1000919925</subfield><subfield code='c'>10014</subfield><subfield code='z'>Sygnatura Gabinetu Starych Druków: Bbgr. 356 [3.-2].</subfield></datafield><datafield ind1=' ' ind2=' ' tag='852'><subfield code='b'>48OMNIS_UMKWT</subfield><subfield code='8'>991016883241006926</subfield></datafield><datafield ind1=' ' ind2=' ' tag='852'><subfield code='b'>48OMNIS_NLOP</subfield><subfield code='8'>991028930919705066</subfield></datafield><datafield ind1=' ' ind2=' ' tag='852'><subfield code='b'>48OMNIS_NETWORK</subfield><subfield code='8'>9910093115205606</subfield></datafield><datafield ind1=' ' ind2=' ' tag='920'><subfield code='a'>3-598-32162-7 (oprawa twarda ; Abt. C, Bd. 2)</subfield></datafield><datafield ind1=' ' ind2=' ' tag='920'><subfield code='z'>3-598-32099-X (całość)</subfield></datafield></record>
  </collection>
</resp>
